[Event "Oberwart op"]
[Site "Oberwart"]
[Date "2010.07.11"]
[Round "2"]
[White "Schwab, Rene"]
[Black "Bedin, Alberto"]
[Result "1-0"]
[WhiteElo "2207"]
[BlackElo "1880"]
[PlyCount "72"]
[EventDate "2010.07.10"]
[EventType "swiss"]
[EventRounds "9"]
[EventCountry "AUT"]
[SourceTitle "CBM 137 Extra"]
[Source "ChessBase"]
[SourceDate "2010.09.01"]
[SourceVersion "1"]
[SourceVersionDate "2010.09.01"]
[SourceQuality "1"]

1. e4 c5 2. Nf3 Nc6 3. Bb5 g6 4. 0-0 Bg7 5. Re1 a6 6. Bf1 d6 7. h3 Nf6 8. c3 e5 9. d4 0-0 10. dxc5 dxc5 11. Qc2 b6 12. Bg5 Qc7 13. Qc1 Re8 14. Nbd2 Bb7 15. a4 Rac8 16. Nc4 b5 17. axb5 axb5 18. Bxf6 Bxf6 19. Ne3 Na5 20. Ng4 Bg7 21. Bxb5 Nb3 22. Qg5 Nxa1 23. Bxe8 Rxe8 24. Rxa1 Bxe4 25. Nd2 Bb7 26. Nf6+ Bxf6 27. Qxf6 Re6 28. Qh4 Qc6 29. Nf3 f6 30. Qc4 Kg7 31. Ra5 e4 32. Rxc5 exf3 33. Rxc6 Re1+ 34. Kh2 Re4 35. Kg1 Re1+ 36. Kh2 Re5 1-0

[Event "AUT-ch qual"]
[Site "Koeflach"]
[Date "2006.09.10"]
[Round "9"]
[White "Schwab, Rene"]
[Black "Titz, Heimo"]
[Result "1/2-1/2"]
[WhiteElo "2224"]
[BlackElo "2286"]
[PlyCount "99"]
[EventDate "2006.09.02"]
[EventType "swiss"]
[EventRounds "9"]
[EventCountry "AUT"]
[SourceTitle "CBM 114 Extra"]
[Source "ChessBase"]
[SourceDate "2006.11.03"]
[SourceVersion "1"]
[SourceVersionDate "2006.11.03"]
[SourceQuality "1"]

1. c4 c5 2. g3 g6 3. Bg2 Bg7 4. Nc3 Nc6 5. e3 e5 6. Nge2 Nge7 7. 0-0 0-0 8. b3 d6 9. Bb2 a6 10. d4 exd4 11. exd4 cxd4 12. Nd5 d3 13. Nxe7+ Qxe7 14. Nc3 Ne5 15. f4 Ng4 16. Nd5 Qe2 17. Bxg7 Kxg7 18. Qxe2 dxe2 19. Rfe1 Be6 20. Nc7 Rab8 21. Rxe2 Bd7 22. Rd1 Rfc8 23. Nd5 Bc6 24. h3 Nh6 25. g4 Ng8 26. Red2 Re8 27. Kf2 Ne7 28. Nc3 Bxg2 29. Kxg2 Nc8 30. Kf3 b5 31. cxb5 axb5 32. Rd5 b4 33. Ne4 Re7 34. f5 Kf8 35. fxg6 hxg6 36. Nxd6 Nxd6 37. Rxd6 Kg7 38. Rd8 Rb6 39. R1d6 Rb5 40. Rd5 Rb6 41. R8d6 Rb8 42. Ra6 Rh8 43. Rd4 Rxh3+ 44. Kf2 Rh2+ 45. Kf3 Ree2 46. Rxb4 Rhf2+ 47. Kg3 g5 48. Rb5 Rg2+ 49. Kf3 Rgf2+ 50. Kg3 1/2-1/2

[Event "AUT-ch qual"]
[Site "Koeflach"]
[Date "2006.09.06"]
[Round "5"]
[White "Halvax, Georg"]
[Black "Schwab, Rene"]
[Result "0-1"]
[WhiteElo "1969"]
[BlackElo "2224"]
[PlyCount "104"]
[EventDate "2006.09.02"]
[EventType "swiss"]
[EventRounds "9"]
[EventCountry "AUT"]
[SourceTitle "CBM 114 Extra"]
[Source "ChessBase"]
[SourceDate "2006.11.03"]
[SourceVersion "1"]
[SourceVersionDate "2006.11.03"]
[SourceQuality "1"]

1. e4 c6 2. d4 d5 3. e5 Bf5 4. Nc3 a5 5. Be3 a4 6. a3 Qb6 7. Qc1 e6 8. Nf3 Nd7 9. h3 f6 10. exf6 Ngxf6 11. Nh4 Be7 12. Nxf5 exf5 13. Bd3 Ne4 14. Ne2 Qa5+ 15. Bd2 Nxd2 16. Qxd2 Qxd2+ 17. Kxd2 0-0 18. Rhe1 g6 19. f3 Kg7 20. Kc3 Bd6 21. Kd2 Rae8 22. Rad1 Re7 23. Nc1 Rfe8 24. Rxe7+ Rxe7 25. Na2 Bg3 26. Nc1 Bh4 27. Ne2 Bf6 28. c3 Re8 29. Bc2 Nb6 30. Bd3 Nc8 31. Re1 Nd6 32. Kd1 Bg5 33. f4 Bf6 34. Nc1 Rc8 35. Bc2 b5 36. Nd3 Ne4 37. Nb4 Bh4 38. Re3 h6 39. Bxe4 dxe4 40. g3 Be7 41. Nc2 Bd6 42. Ne1 Kf6 43. Ke2 c5 44. Kd2 cxd4 45. cxd4 b4 46. Nc2 b3 47. Nb4 Bxb4+ 48. axb4 Rc2+ 49. Kd1 Rxb2 50. b5 a3 51. Kc1 Rc2+ 52. Kb1 a2+ 0-1

[Event "AUT-ch qual"]
[Site "Koeflach"]
[Date "2006.09.05"]
[Round "4"]
[White "Gneiss, Karl"]
[Black "Schwab, Rene"]
[Result "1-0"]
[WhiteElo "2103"]
[BlackElo "2224"]
[PlyCount "55"]
[EventDate "2006.09.02"]
[EventType "swiss"]
[EventRounds "9"]
[EventCountry "AUT"]
[SourceTitle "CBM 114 Extra"]
[Source "ChessBase"]
[SourceDate "2006.11.03"]
[SourceVersion "1"]
[SourceVersionDate "2006.11.03"]
[SourceQuality "1"]

1. e4 c6 2. c4 a6 3. Nf3 b5 4. d4 bxc4 5. Bxc4 d5 6. Bb3 Bg4 7. Nc3 e6 8. h3 dxe4 9. hxg4 exf3 10. Qxf3 Qxd4 11. Be3 Qf6 12. Qe4 Ne7 13. 0-0-0 Nd7 14. Rxd7 Kxd7 15. Rd1+ Nd5 16. Bxd5 cxd5 17. Qa4+ Kc7 18. Bf4+ Bd6 19. Bxd6+ Kd8 20. Qa5+ Ke8 21. Nxd5 Qg5+ 22. f4 Rc8+ 23. Nc7+ Rxc7+ 24. Qxc7 Qd8 25. Qc6+ Qd7 26. Qa8+ Qd8 27. Qxa6 Qc8+ 28. Qxc8# 1-0